[Event "ROM Team Ch"]
[Site "Sovata"]
[Date "2003.05.05"]
[Round "6"]
[White "Atalik, Suat"]
[Black "Negulescu, Adrian"]
[Result "1-0"]
[WhiteElo "2568"]
[BlackElo "2452"]
[EventDate "2003.04.30"]
[Annotator "Atalik"]
[PlyCount "55"]
[EventType "team"]
[EventRounds "7"]
[EventCountry "ROM"]
[Source "ChessBase"]
[SourceDate "2003.09.25"]

1. d4 d6 {IM Negulescu's new favorite defence.} 2. Nf3 Bg4 3. c4 c6 {A 
weird move.} 4. Nc3 Bxf3 {Even weirder.} ( {Sturua's} 4. ... Nd7 5. e4 e5 
6. Be2 Be7 7. d5 Ngf6 8. Be3 += {is looking to me like more logical.} ) 5.
 exf3 e6 6. d5 {The natural reaction.I felt like I should not allow him to
close the game with d5.} 6. ... exd5 7. cxd5 c5?! {IM Negulescu's risky 
play continues.} ( 7. ... Nf6 8. Qb3 Qb6 ( 8. ... Qc7 9. Bc4 ) 9. Be3 Qxb3
10. axb3 a6 11. b4 Nxd5 12. Nxd5 cxd5 13. b5 =/& ) 8. Bb5+ Nd7 9. O-O a6? 
{Neglecting the development big time!} ( 9. ... Be7 10. Re1 Nf6 11. Qe2 a6
( 11. ... O-O? 12. Qxe7 Re8 13. Qxd8 {is possible due to pin on the last 
rank black can not deliver a chekmate.} ) 12. Bxd7+ Qxd7 13. Bg5 ( 13. b4 
O-O ) 13. ... Kf8 +/- ) 10. Bxd7+ Qxd7 D {What should White do?

----------------

If he can castle and find a good square for his bishop, Black will have
the better game. White needs to act now and his most promising is 1 b4! , 
to
create a queenside target.
After} 11. b4!! {Black was already in dire straits but this is a real blow
for him.} ( 11. Re1+! Be7 12. Bf4 Rd8 ) 11. ... cxb4 {Black takes the 
gauntlet, he feels like at least he binges on some material.} ( 11. ... 
O-O-O 12. bxc5 dxc5 13. Bf4 Bd6 ( 13. ... Qf5 14. Qa4 Ne7 15. Rfd1 Ng6 16.
 Bg3 Bd6 17. Ne4 Bxg3 18. hxg3 +- ) 14. Na4 +- ) ( 11. ... Be7?! 12. bxc5 
dxc5 13. Bf4 g5 14. Be5 f6 15. Bg3 h5 16. h3 Rd8 17. Qc2 h4 18. Bh2 Kf7 
19. Rad1 +- ) 12. Na4 Qb5?! ( {He has strong chances, e.g.} 12. ... Qc7 {
is trickier.} 13. Re1+ ( 13. Be3 b5 14. Nb6 Rb8 15. Rc1 Qd8 16. Re1 Be7 
17. Qd4 Bf6 18. Bg5+! ( 18. Qxb4 Ne7 19. a4 O-O 20. axb5 axb5 21. Qxb5 Nc8
+= ) 18. ... Kf8 19. Bxf6 Nxf6 20. Rc6 +/- ) 13. ... Be7 ( 13. ... Ne7 14.
 Bf4 ) 14. Bb2 Kf8 15. Rc1 Qa5 16. Qd4 Bf6 17. Nb6! +- ) ( 12. ... Qd8!? 
13. Re1+ Ne7 14. Be3 b5 15. Nb6 Rb8 16. Qd4 f6 17. a4 Kf7 18. axb5 axb5 
19. Ra7 +- ) 13. Be3! {Wins easily but not the only way to finish the 
game.} ( 13. Bb2 Ne7 14. Re1 Kd7 15. Qb3 Re8 16. Re4 a5 17. Rae1 +- ) 
13. ... Nf6 14. Nb6 Rb8 ( 14. ... Rd8 15. a4 Qa5 16. Re1 Be7 17. Bd4 Nxd5 
18. Bxg7 Nxb6 19. Bxh8 +- ) 15. a4! {Black's queen is in trouble.Bad 
opening play by my opponent decided the result too early.} 15. ... Qa5 ( 
15. ... bxa3 16. Rb1 Qa5 17. Bd2 Qc5 18. Qa4+ Kd8 19. Rfc1 +- {The trap is
closed and there ain't no way out for black.} ) 16. Re1 Be7 17. Bd4 +- O-O
{He gives up too early,but what to do?He has to be critical on his early 
mistakes.} ( 17. ... Kd8 18. Nc4 Qxd5 19. Bxf6 +- ) ( 17. ... Kf8 18. Qe2 
Re8 19. Rac1! h5 20. Rc8 +- ) ( 17. ... Nxd5 18. Bxg7 Nxb6 19. Qxd6 +- ) 
18. Rxe7 Nxd5 19. Nxd5 Qxd5 20. Ba7 Qxd1+ ( 20. ... Qg5 21. Bxb8 Qxe7 22. 
Bxd6 +- ) 21. Rxd1 Rfe8 22. Rxe8+?! {Too relaxed!} ( 22. Bxb8 Rxe7 23. 
Bxd6 Rd7 24. Rc1! h5 25. Bxb4 +- {wins quicker.} ) 22. ... Rxe8 23. Kf1 
Re5 24. Rxd6 h5 25. Rb6 a5 26. Rxb7 Kf8 27. f4 ( {Blacks a and b pawns 
tandem is going nowhere after} 27. Rb5 Rxb5 28. axb5 b3 29. Bd4 Ke7 30. 
Ke2 a4 31. Kd3 +- ) 27. ... Rd5 28. Ke2 {Adrian stopped the clock.} 1-0

[Event "Candidates sf1"]
[Site "London ENG"]
[Date "1989.??.??"]
[Round "5"]
[White "Karpov, Anatoly"]
[Black "Jussupow, Artur"]
[Result "1/2-1/2"]
[WhiteElo "2755"]
[BlackElo "2610"]
[EventDate "1989.10.??"]
[Annotator "Jussupow"]
[EventType "match"]
[EventRounds "8"]
[EventCountry "ENG"]
[Source "ChessBase"]
[SourceDate "1999.07.01"]
[WhiteTeamCountry "GER"]
[BlackTeamCountry "GER"]

1. d4 Nf6 2. c4 e6 3. Nf3 d5 4. Nc3 Be7 5. Bg5 O-O 6. e3 h6 7. Bh4 Ne4 8. 
Bxe7 Qxe7 9. cxd5 Nxc3 10. bxc3 exd5 11. Qb3 Rd8 12. c4 dxc4 13. Bxc4 Nc6 
14. Qc3 {14.Be2} 14. ... Bg4 15. O-O Bxf3 16. gxf3 Qf6 17. Be2 Rac8! = {
N;/\Ne7,c5} 18. Rab1 ( 18. Rfb1 b6 19. Ba6?! Qxf3 20. Bb7 ( 20. Bxc8!? 
Rxc8 -/+ ) 20. ... Rd6 21. Bxc8 Rg6+ 22. Kf1 Rg2 23. Qc2 ( 23. Qb2 Rxh2 
24. Ke1 Rh1+ 25. Kd2 Qxf2+ 26. Kd3 Qxb2 27. Rxb2 Rxa1 -+ ) 23. ... Rxh2 
24. Ke1 Qh1+ 25. Ke2 Rxf2+ 26. Kxf2 {26.Kd3 Ne5 27.de Qd5-+} 26. ... Qh2+ 
27. Kf3 Qxc2 28. Rc1 Qg6 -+ ) ( 18. Kh1!? Ne7 19. Rac1 = {/\Rg1,Qc5} ) 
18. ... b6 19. Rfc1 ( 19. Ba6 Qxf3 20. Bxc8 Rxc8 21. Rfc1 Ne7 =/& {B|^} ) 
19. ... Ne7 20. Kh1 {20.Ba6 Nd5!?|^} 20. ... Rd5!? ( 20. ... c5 21. dxc5 
Qxc3 22. Rxc3 Rd2 23. Ba6 ( 23. cxb6? Rxc3 24. bxa7 Rxa2 -+ {24...Ra3} ) 
23. ... Rxc5 24. Rxc5 bxc5 25. Rb8+ Kh7 26. Rb7 Nf5 {26...Ng6!?} 27. Rxf7 
Nh4 28. h3 Rxf2 29. Kg1 Rxa2 30. Bd3+ Kg8 31. Bc4 N ) 21. Qc2?! ( 21. f4? 
c5 22. Bf3 {22.dc Rc5 23.Qe1 Qc6-+} 22. ... cxd4 23. Qxc8+ Nxc8 -+ ) ( 21.
 Qe1 c5 =+ ) 21. ... Qh4! =+ D {><f2

Black's last two moves were . . . Rd5 and . . . Qh4. What does that mean 
to White?

-----------

The trend is running against White because Black has threats of . . . Qxf2
and . . . Rh5 . If White defends with routine moves, such as Bf1 Rh5 2 h3,
Black will increase the pressure, e.g. 2 . . . c5.
White chose} 22. f4!! ( 22. Bf1 Rh5 23. h3 c5 24. Qe4 Qxf2 25. Rc2 {25. 
Qe7 Rg5-+} 25. ... Qh4 -/+ ) ( 22. Qe4 Qxf2 23. Rc2 {23.Qe7? Rh5-+} 
23. ... Rh5 24. Qh7+ {24.Qf4 Nd5!-+} 24. ... Kf8! 25. Qh8+ Ng8 -+ ) 
22. ... Qxf2 23. Bg4! {To maintain his extra pawn Black had to play} 
23. ... Qxc2 {23...Qe3? 24.Re1 Qf4 25.Bc8 Qf3 26.Qg2 Qg2 27.Kg2 Nc8 
28.Re8+-} 24. Rxc2 f5 {but then came} 25. Bf3 Rd7 {25...Rd6? 26.Bb7 ><c7} 
26. Rbc1 {with enough pressure to reach a drawable endgame} 26. ... Nd5 
27. Bxd5+ Rxd5 28. Rxc7 Rxc7 29. Rxc7 Ra5 30. d5! {30.Rc2 Ra3 31.Re2 
Kf7-/+_|_} 30. ... Kf8!? ( 30. ... Rxd5 31. Rxa7 Rd3 32. Rb7 Rxe3 33. Kg2!
=+ {33.Rb6? Re4-/+} ) 31. d6 Ke8 32. Rxg7 Rxa2 33. Kg1?! ( 33. Rb7! = Kd8 
34. Kg1 Kc8 35. Rc7+ Kb8? 36. e4 fxe4 37. f5 Rd2 38. f6 Rxd6 39. f7 Rg6+ 
40. Kh1 Rf6 41. Re7 a5 42. Re8+ Kb7 43. f8=Q Rxf8 44. Rxf8 a4 45. Kg2 b5 {
45...a3 46.Rf1 b5 47.Rb1} 46. Kf2 +- ) 33. ... a5 34. Re7+? -+ ( 34. Rb7 
Rb2 35. e4 fxe4 36. f5 Rd2 37. Rxb6 e3 38. Rb3 Rxd6 39. Rxe3+ Kf7 =+ ) 
34. ... Kd8 35. e4 fxe4 36. Rb7 {36.f5 Rd2-+} 36. ... e3 37. Kf1 a4 ( 
37. ... Rxh2 38. Rxb6 Rf2+ {38.. .a4!?} 39. Ke1 Rxf4 -/+ ) 38. Rxb6 a3? = 
( 38. ... Rxh2 39. Ra6 {39.f5 Rf2 40. Ke1 Rf5 /\Ra5-+} 39. ... Rf2+ 40. 
Ke1 Rxf4 -+ ) 39. Ra6 Rf2+ 40. Ke1 a2 41. f5 Kd7 {41. ..Rh2 42.f6 Rh1? 
43.Ke2 a1Q 44.Ra1 Ra1 45.f7+-} 42. f6 Ke6 43. Ra8 Kxd6 44. f7 Rxf7 45. 
Rxa2 Ke5 46. Ra6 {Artur Yusupov} 1/2-1/2

[Event "73. Tata Steel GMB"]
[Site "Wijk aan Zee NED"]
[Date "2011.01.29"]
[Round "12"]
[White "McShane, Luke J"]
[Black "So, Wesley"]
[Result "1-0"]
[WhiteElo "2664"]
[BlackElo "2673"]
[EventDate "2011.01.14"]
[WhiteTitle "GM"]
[BlackTitle "GM"]
[WhiteFideId "404853"]
[BlackFideId "5202213"]

1. e4 c6 2. d4 d5 3. e5 Bf5 4. h4 h5 5. c4 e6 6. Nc3 Nd7 7. Nge2 dxc4 8. 
Ng3 Nb6 9. Be2 Bg6 10. Bg5 Be7 11. Nge4 f6 12. Bf4 Nd5 13. Bg3 Qb6 14. O-O
Nxc3 15. Nxc3 Qxb2 16. Bxc4 Qxc3 17. Rc1 Qb2 18. Bxe6 Rd8 19. d5 fxe5 20. 
Re1 Bf6 21. Re2 Qa3 22. Bxe5 Bxe5 23. Rxe5 Kf8 24. Qe1 Qd6 25. Bxg8 Kxg8 
26. Re6 Qxd5 27. Rxg6 Rh6 28. Rxh6 gxh6 29. Qe3 D {
After the game, White was surprised to find that his computer claimed he
was only slightly better here. He knew the evaluation must be wrong. 
Black's
weak king is what matters most, by far.
Aside from the immediate threat of Qxh6, White can make solid progress
with straightforward ideas such as Rc5-e5 followed by Re7 or Re6. Once his
rook penetrates, Black's situation should be hopeless.
Black understood this, too, so he seized the initiative with} 29. ... Rd7 
( 29. ... b6 30. Qxh6 Rd6 31. Qf4 Qd2 = ) 30. Qxh6 Rg7 31. g3 Qd4 {with 
another threat,
32 . . . Rxg3+.
However, it should be easy to see that White doesn't have enough
weaknesses to enable Black to keep making threats. Black, on the other 
hand,
has plenty of weaknesses and that's why White has a won game.} ( 31. ... 
Re7 32. Qg6+ Kf8 33. Qc2 Kg7 ) 32. Qe6+ Rf7 33. Qe2 Kg7 34. Rf1 Kg6? ( 
34. ... c5! 35. Qxh5 c4 36. Qg5+ Kh7 37. h5 ) 35. Rd1! Qf6 ( 35. ... Rxf2 
36. Qe8+ +- ) 36. Qe3 b6 37. Rd4 Re7? ( 37. ... Kh7 38. Qd2 Qf3 ) ( 
37. ... Kg7 38. Qd2 Qf5 39. Rd6 Rf6 40. Rd7+ Rf7 41. Qc3+ Qf6 42. Qxf6+ 
Kxf6 43. Rd6+ Ke5 44. Rxc6 Kd4 += ) 38. Qd3+ Kg7 39. Rf4 {This was more 
than a case of 'just moving around' in a superior position.
White had a general plan of getting his rook closer to the Black king, 
ideally to
g5 .} 39. ... Qe6 40. Rf5 Rf7?? ( 40. ... Rf7?? 41. Rg5+ Kh6 42. Qd1! +-- 
) ( 40. ... Qd7 41. Rg5+ Kf8 42. Qf3+ Rf7 43. Qxh5 ) 1-0

[Event "Alushta Summer 4th"]
[Site "Alushta UKR"]
[Date "2004.06.18"]
[Round "2"]
[White "Kovalev, Andrei"]
[Black "Kuznetsov, Viktor2"]
[Result "1-0"]
[WhiteElo "2557"]
[BlackElo "2375"]
[EventDate "2004.06.17"]

1. e4 {A master is able to win more often because he has a better 
understanding of
what it takes to win. He sees winning potential in positions that other 
players -
even computers - think are only mildly favorable. A master also rejects 
moves
that lead to positions that are favorable - but not favorable enough.
Most of all, a master has a better sense of when to trade pieces when he 
has
an advantage. This is critical when a player faces a choice of whether to
liquidate a very good position or press for a better one.} 1. ... c5 2. 
Nf3 Nc6 3. Bb5 g6 4. O-O Bg7 5. c3 Nf6 6. Qa4 O-O 7. d4 cxd4 8. cxd4 Nxe4 
9. d5 Nc5 10. Qa3 Qb6 11. Nc3 Nd4 12. Nxd4 Bxd4 13. Bh6 Bg7 14. Bxg7 Kxg7 
15. b4 Ne4 16. Nxe4 Qxb5 17. Qc3+ f6 18. d6 e6 19. a4 Qd5 20. f3 b5 21. 
Rfd1 Qb7 22. Nc5 Qb8 23. a5 a6 D {White has what annotators like to call a
queenside bind. It's not a winning
position and there are no indefensible Black weaknesses. White 's pieces 
are
simply much better placed than Black's.
But there's some urgency. Black can unravel by means of ... Rf7 and . . . 
.Rb7.
Then he threatens to consolidate with . . . .Bd5 and even grab a second 
pawn,
... Qxd6. Given time, Black is winning.
} 24. g4! ( {
White can foil that by taking the bishop on b7 and penetrating at c7 with 
his heavy pieces. For example
} 24. Rac1 Rf7 25. Qe3 Bb7 {A bit of inspection shows that White can't 
improve his position further with
quiet moves. This means} 26. Nxb7! Qxb7 27. Rc7 Qb8 {Each of these lines 
looks very good for him and he would likely end up a
pawn or so ahead in an endgame. But is it good enough?
Maybe not. As promising as these lines are, a master would be at least a 
little
apprehensive about heading into a mere pawn-up endgame.
Why? Because White's earlier position was simply too good to sell cheaply.
It was the kind of position you can win in the middlegame.
White wanted more than an endgame and found it on the kingside. Back at
the first diagram he detected a target at f6 and played} ) 24. ... g5? ( 
24. ... Rf7! 25. g5 Kg8 26. Ne4 fxg5 27. Nf6+ Rxf6 28. Qxf6 Qa7+ 29. Kg2 
Bb7 30. Qxg5 Rf8 31. Rd3 Qa8 32. Raa3 Bd5 33. Rac3 Bc4 34. Rd2 Rf5 35. Qe7
Rf7 36. Qg5 Rf5 = ) 25. h4! gxh4? 26. g5 Rf7 27. gxf6+ Kf8 28. Kf2 +-- Bb7
29. Qe3 Bc6 30. Qg5 h6 31. Qxh6+ Ke8 32. Qg6 1-0

[Event "Moscow ol (Men)"]
[Site "Moscow RUS"]
[Date "1994.??.??"]
[Round "4"]
[White "Leko, Peter"]
[Black "San Segundo Carrillo, Pablo"]
[Result "1-0"]
[WhiteElo "2555"]
[BlackElo "2485"]
[EventDate "1994.11.01"]
[Annotator "Gagarin"]
[EventType "team"]
[EventRounds "14"]
[EventCountry "RUS"]
[Source "ChessBase"]
[SourceDate "2004.01.01"]
[WhiteTeamCountry "GER"]
[BlackTeamCountry "GER"]

{page 108} 
1. e4 {Horvath,T} 1. ... c5 2. Nf3 e6 3. d4 cxd4 4. Nxd4 Nf6 5. Nc3 Nc6 6.
 Ndb5 d6 7. Bf4 e5 8. Bg5 a6 9. Na3 b5 10. Nd5 Qa5+ 11. Bd2 Qd8 12. c4!? (
12. Nxf6+ Qxf6 13. Bd3 ( 13. c4 ) ) 12. ... Nxe4 13. cxb5 Be6 14. Bc4 Ne7 
15. O-O!? ( 15. Be3 Rc8! ( 15. ... Qa5+?! 16. Ke2 Rc8 17. Qd3! ( 17. Bb6? 
Qxa3! 18. bxa3 Rxc4 =/& ( 18. ... Bxd5!? â†‘ ) ) ( 17. Rc1? Nxd5 18. Bxd5 
Rxc1 19. Bxc1 Qxa3! 20. Bc6+ Bd7 {Zapata,A-Ochoa de 
Echaguen,F/Habana/1983/0:1/28/} 21. bxa3 Nc3+ 22. Kf3 Nxd1 23. Bxd7+ Kxd7 
24. Rxd1 axb5 -+ ) 17. ... Bxd5 18. Bxd5 Nc5 19. Bxc5 Rxc5 20. Bb3 d5 21. 
Rhc1 +/- {Kruppa,Y-Vyzmanavin,A/Irkutsk/1986/1:0/38/} ) 16. Nb6 ( 16. Nxe7
!? ) ( 16. Bb6!? {Sveshnikov/} ) 16. ... d5! 17. Qa4!? ( 17. Nxc8 Nxc8 18.
 Bb3 ( 18. O-O? Bxa3 19. bxa3 dxc4 20. Qxd8+ Kxd8 21. bxa6 Kc7 -+ {Gobet, 
F-Kasparov,G/Luzern(simult)/1987/0:1/34/} ) 18. ... Qa5+ 19. Kf1 Bxa3 20. 
bxa3 O-O =/& ) 17. ... dxc4 18. Rd1 Nd5 â–¡ 19. bxa6+ Bd7! 20. Nxd7 Bb4+ 
21. Kf1 Qxd7 â–¡ 22. Qxd7+ Kxd7 23. Rxd5+ Ke6 24. Rb5! Bxa3 â–¡ 25. bxa3 
Nc3! 26. Rb6+ Kd7! 27. a7 Nd5 28. Rb7+ Ke6 = {
Yudasin,L-Vyzmanavin,A/URS(ch I) Lvov/1987/0,5/28/} ) 15. ... Bxd5! ( 
15. ... Nxd5? 16. Bxd5 Bxd5 17. Ba5! Qxa5 18. Qxd5 Rc8 19. Qxe4 +/- {
Kupreichik,V-Nikcevic,N/Cattolica/1992/1:0/28/} ) 16. Bxd5 ( 16. Ba5! {
Horvath,T} 16. ... Qxa5 17. Bxd5 Rd8 18. Bxe4 d5 19. Bd3 Ng6 20. Nc2 Be7 
21. Qe1! +/- {Fernandez,Garcia-Antunes/Expo/1992} ) 16. ... Nxd5 17. Ba5 
Ndc3! ( 17. ... Qxa5? 18. Qxd5 +/- ) 18. Bxc3 Nxc3 19. bxc3 Be7? ( 19. ...
 d5! 20. Nc2 ( 20. Qa4 {Horvath,T} 20. ... Bxa3 21. b6+! +/- ) 20. ... 
axb5 21. Ne3 ( 21. Qe2 Be7 22. Qxe5 O-O = ) 21. ... Ba3 22. Nxd5 O-O = ) 
20. Qb3 +/- Rb8 21. c4 d5 ( 21. ... O-O 22. Rfd1 +/- {>< d5/} ( 22. Rfd1 {
Horvath,T} 22. ... Qa5 23. Rd5! +/- ) ) 22. cxd5 O-O 23. Rfd1 Bxa3 24. 
Qxa3 Rxb5 ( 24. ... axb5 25. d6 +/- ( 25. d6 {Horvath,T} 25. ... Qd7 +- ) 
) 25. d6 Qa5 ( 25. ... Ra5 26. Qe3 Qd7 27. Qc3 Qd8 28. Rac1 e4 29. Qc4 +/-
) 26. Qf3! ( 26. Qxa5?! Rxa5 27. d7 Rd8 28. Rac1 Kf8 {/\ Ke7/} ) 26. ... 
Rd8 27. d7 Rc5 28. Rab1 h6 ( 28. ... Qxa2? 29. Qa8 Qa5 30. Rb8 +- ) 29. h3
Rc4 ( 29. ... Qxa2? 30. Rb8! Rxb8 ( 30. ... Qa5 31. Qa8 +- ) 31. d8=Q+ 
Rxd8 32. Rxd8+ Kh7 33. Qf5+ g6 34. Qf6 +- ) ( 29. ... Rc7 {Horvath,T} 30. 
Rb8 Rxb8 ( 30. ... Ra7 31. Rxd8+ Qxd8 32. Qc6 +- ) 31. d8=Q+ Rxd8 32. 
Rxd8+ Kh7 33. Qf5+ g6 34. Qf6 +- ) 30. Rd5 Qc7 31. Rbd1 Rc1 32. g3 Qc6 33.
 Rxc1 Qxc1+ 34. Kg2 Qc2 35. a3 Qc6 36. Qd3 Qb6 37. Kg1 Qe6 38. h4 e4 39. 
Qd4 Kh7 40. a4 Kg8 41. a5! Kh7 42. Kh2 g6 ( 42. ... Kg8 {Horvath,T} 43. 
Rd6 Qe7 ) 43. Rd6 Qf5 44. Rf6 Qxd7 45. Qxe4 {/\ Ra6, /\ h5/} 45. ... h5 
46. Rxa6 {Winnability

How does a master assess winnability? There are several factors including

(a) the material situation, 

(b) the positional plusses and 

(c) how close the

position is to an endgame.
If it's pretty close - so that a trade of one pair of pieces will reach a 
bookish
endgame position - then experience or textbook learning should give you a
fairly accurate evaluation. This is where knowing basic endgame principles
will
count.} 46. ... Qd5 D {Black has just offered a trade of queens with . . .
Qd5 . Should White accept
the invitation?
To be absolutely certain about the wisdom of 1 Qxd5 you'd have to know
some subtle endgame theory.
You would know that White has excellent chances in a rook ending if his
extra pawn were a b-pawn. But with an a-pawn, theory says Black would have
to make some serious errors to lose.
However, you don't have to memorize pages of book. A master would
recognize that any endgame like this - with a single, extra pawn that is 
passed
and on the queenside - is difficult to win when White's rook is in front 
of, rather
than behind, the pawn. That would tell White to avoid 1 Qxd5?.
He played} 47. Qf4! {This (a) avoids the drawish rook endgame, (b) 
protects
the only potential target for Black and (c), watches his own target at f7}
47. ... Kg8 {White connected his heavy pieces} ( 47. ... Qb5 48. Qxf7+ ) 
48. Rf6 Kg7 ( 48. ... Qxa5 49. Rxf7 +- {/\ Qf6, /\ Rc7/} ) 49. a6 Rd7 {It 
might seem that White was thinking: "I'll attack f7 and push the a-pawn
to distract him enough to win the f-pawn."
But that wasn't his idea. His goal was to improve the position of his rook
and
he succeeded so well that he has virtually a forced win beginning with} 
50. Qf3! Qc5 ( {The point is that now a queen trade is very good because 
White can get his
rook behind the a-pawn. For example} 50. ... Qxf3 51. Rxf3 +- {/\ Ra3/} ) 
51. Rc6! {The game, which seemed drawish a few moves ago, was over 
immediately:} 51. ... Qd4 52. Qc3 +- Qxc3 53. Rxc3 Rd2 54. Ra3 {What 
clinched victory was realizing how winnable the rook ending is once
White's rook gets behind the passed pawn. It didn't take lengthy 
calculation or
memorization of book positions. It was knowing the behind-the-pawn 
principle.
The vast amount of endgame theory concerns specific positions in which one
side has an extra pawn. The variations are often staggeringly difficult. 
But
what's more important is to know the general cases: When is an extra pawn
enough to win? When is a second extra pawn needed? What are the winning
piece-vs.-piece matchups?} 1-0